Score 0/40 Timer 07:00
0 Plays Today
% Correct
Six
94.1%
Six
94.1%
Gryffindor
91.8%
Gryffindor
91.8%
Arthur and Molly Weasley
91.3%
Arthur and Molly Weasley
91.3%
Beater
90.1%
Beater
90.1%
Three
86.7%
Three
86.7%
Dumbledore's Army
86.2%
Dumbledore's Army
86.2%
Ear
85.4%
The Marauder's Map
84.5%
The Marauder's Map
84.5%
Lee Jordan
82.9%
Lee Jordan
82.9%
The Order of the Phoenix
82.9%
The Order of the Phoenix
82.9%
Percy Weasley
79.6%
% Correct
Angelina Johnson
79.1%
Angelina Johnson
79.1%
Ron Weasley
77.9%
Ron Weasley
77.9%
Weasleys' Wizard Wheezes
62.1%
Weasleys' Wizard Wheezes
62.1%
Giant spider
60.5%
Oliver Phelps
56.9%
James Phelps
53.3%
Extendable Ears
47.9%
Pygmy Puff
43.9%
U-No-Poo
37.3%
Kingsley Shacklebolt
36.9%
Puking Pastille
34.3%
Paper airplane
22.3%
Yaxley
21.7%
Shield Hats or Cloaks
20.7%
Decoy Detonators
14.4%
Patented Daydream Charm
13.7%
Wildfire Whiz-Bangs
7.8%

You're not logged in!

Compare scores with friends on all Sporcle quizzes.
OR
Log In

Sporcle TV

Today on Sporcle TV


Watch our educational content, quiz creation guides, and fun videos on Sporcle TV.

Show Comments

Extras

Top Quizzes Today


Score Distribution

Paid Content

Your Account Isn't Verified!

In order to create a playlist on Sporcle, you need to verify the email address you used during registration. Go to your Sporcle Settings to finish the process.

Report this User

Report this user for behavior that violates our Community Guidelines.

Details: